01789nam a22001697a 4500008004100000020001800041050001900059100002200078245008600100260004900186300003000235500002000265505125100285650001201536650003601548650003501584120531t xxu||||| |||| 00| 0 eng d a9780471333494 aHF5548.4.L5G59 aGoncalves, Marcus aLinux at work: building strategic applications for business. /cMarcus, Goncalves aNew York:bWiley Computer[Publishing,c1999. axx, 363 p.:bill.;c24cm. aIncludes index. aContents: Linux operating system: An overview of linux and the market : Introduction -- Linux community -- Linux technocracy: Open source -- Linux : a religious experience -- Engage your primal urge to leave a legacy -- Linux support exceeds all other comercial operating systems -- Linux power : A stable solution for information technology -- A customizable solution -- Linux's technical specifications -- Under the hood of linux -- Managing and administering sever : Linux as a self-sustaining server -- Linux for business applications : Linux for internet applications -- Linux for business advantage -- Intergrating linux solution with business -- Subverting the push for new technology -- Linux versus windows NT : Linux and NT: Aside form the halloween document -- A little bit of history on windows NT -- The need for porting windows - based applications to linux -- NT versus linux : A matter of security -- References and resources for linux: Why does microsoft need linux? -- Using linux business products and tools -- Appendix A : The Care and feeding of a linux systems administrator -- Appendix B: List of internet / web- based linux resources -- Appendix C : What's on the CD-ROM? -- Appendix D: Partial list of linux consultants.  aLinux.  aBusiness x Computer programs.  aOperating systems (Computers)